Star Wars: The Book of Boba Fett Characters by Picture - Statistics

General Stats
  • This quiz has been taken 30 times
  • The average score is 17 of 32
Answer Stats
Picture Answer % Correct
Boba Fett
100%
Cad Bane
100%
Jango Fett
100%
Ahsoka Tano
96%
Din Djarin
91%
Din Grogu
91%
Fennec Shand
91%
Luke Skywalker
91%
R2-D2
91%
Bib Fortuna
87%
Max Rebo
87%
Paz Vizsla
78%
Cobb Vanth
70%
Peli Motto
65%
Black Krrsantan
61%
R5-D4
48%
Carson Teva
43%
Twins
39%
8D8
35%
Garsa Fwip
35%
Mok Shaiz
30%
Drash
22%
BD-72
17%
Laze Loneozner
13%
Camie Marstrap
9%
Dokk Strassi
9%
Garfalaquox
9%
Kaba Baiz
9%
Lortha Peel
9%
Scott
9%
Skad
9%
Taanti
9%
No matching quizzes found
Score Distribution
Percent of People with Each Score
Percentile by Number Answered
Your Score History
You have not taken this quiz